[Event "ECF Women's Norm Tournament"]
[Site "London"]
[Date "2022.04.07"]
[Round "1.1"]
[White "Smith, Olivia"]
[Black "Yao, Lan"]
[Result "0-1"]
[WhiteElo "1997"]
[BlackElo "2260"]
[PlyCount "118"]
[EventDate "2022.04.07"]
[EventType "tourn"]
[EventRounds "9"]
[EventCountry "ENG"]
[SourceTitle "The Week in Chess 1431"]
[Source "Mark Crowther"]
[SourceDate "2022.04.11"]
[SourceVersion "1"]
[SourceVersionDate "2022.04.11"]
[SourceQuality "2"]

1. e4 c5 2. Nf3 e6 3. d4 cxd4 4. Nxd4 Nc6 5. Nc3 Qc7 6. g3 a6 7. Bg2 Nf6 8. O-O
h5 9. Re1 Nxd4 10. Qxd4 Bc5 11. Bf4 d6 12. Qd2 e5 13. Be3 Be6 14. Bxc5 Qxc5 15.
Rad1 Rd8 16. Re3 h4 17. Rd3 Ke7 18. Qe3 hxg3 19. hxg3 Qxe3 20. Rxe3 Rc8 21. a4
Rc6 22. f4 Ng4 23. Red3 b5 24. axb5 axb5 25. R1d2 Ra6 26. Nd5+ Bxd5 27. Rxd5
Rha8 28. Bf3 Ra1+ 29. Bd1 R8a6 30. R5d3 Nf6 31. Re2 Rb1 32. b3 Raa1 33. Re1
Nxe4 34. Rxe4 Rxd1+ 35. Rxd1 Rxd1+ 36. Kf2 f5 37. Rb4 Rd2+ 38. Ke3 Rxc2 39.
Rxb5 Ke6 40. Rb7 Rc3+ 41. Kf2 g6 42. Rg7 Kf6 43. Rd7 Ke6 44. Rg7 Rxb3 45. Rxg6+
Kd5 46. g4 fxg4 47. fxe5 g3+ 48. Kg2 Kxe5 49. Rg5+ Kd4 50. Rg4+ Kc5 51. Rg8 d5
52. Rg5 Kc4 53. Rg8 Re3 54. Rc8+ Kd3 55. Ra8 d4 56. Ra3+ Kc2 57. Ra2+ Kb3 58.
Ra8 d3 59. Rd8 Kc2 0-1

[Event "ECF Women's Norm Tournament"]
[Site "London"]
[Date "2022.04.07"]
[Round "1.2"]
[White "Zhu, Yaoyao"]
[Black "Kueh, Audrey"]
[Result "1/2-1/2"]
[WhiteElo "1880"]
[BlackElo "2107"]
[PlyCount "114"]
[EventDate "2022.04.07"]
[EventType "tourn"]
[EventRounds "9"]
[EventCountry "ENG"]
[SourceTitle "The Week in Chess 1431"]
[Source "Mark Crowther"]
[SourceDate "2022.04.11"]
[SourceVersion "1"]
[SourceVersionDate "2022.04.11"]
[SourceQuality "2"]

1. e4 c6 2. d4 d5 3. e5 Bf5 4. Nf3 e6 5. Be2 c5 6. Be3 cxd4 7. Nxd4 Ne7 8. O-O
Nbc6 9. g4 Bg6 10. f4 Nxd4 11. Bxd4 Nc6 12. Bf2 Bb4 13. c3 Ba5 14. Nd2 Bb6 15.
Nb3 Be4 16. Bf3 Bxf3 17. Qxf3 g5 18. Rae1 gxf4 19. Qxf4 Rg8 20. Qxf7+ Kxf7 21.
Bxb6+ Ke8 22. Bxd8 Rxg4+ 23. Kh1 Nxd8 24. Nd4 Ke7 25. Rf6 a5 26. Rh6 Rg7 27.
Rg1 Rf7 28. Rg3 a4 29. Rgh3 a3 30. b3 Rf1+ 31. Kg2 Ra1 32. Rxh7+ Nf7 33. R3h6
Rxa2+ 34. Kf3 Rc8 35. Rxe6+ Kf8 36. Rf6 Rxc3+ 37. Kg4 Rg2+ 38. Kf5 Rf2+ 39. Ke6
Rxf6+ 40. Kxf6 Rf3+ 41. Nxf3 a2 42. Rxf7+ Ke8 43. Nd4 a1=Q 44. Re7+ Kd8 45.
Ne6+ Kc8 46. Re8+ Kd7 47. Rd8+ Kc6 48. Rd6+ Kb5 49. Rxd5+ Kb4 50. Nd4 Qh1 51.
Rd7 Qxh2 52. Rxb7+ Kc5 53. Rd7 Qh4+ 54. Ke6 Qh6+ 55. Ke7 Qg7+ 56. Ke6 Qg4+ 57.
Ke7 Qg7+ 1/2-1/2

[Event "ECF Women's Norm Tournament"]
[Site "London"]
[Date "2022.04.07"]
[Round "1.3"]
[White "Bhatia, Kanwal K"]
[Black "Orlovska, Madara"]
[Result "0-1"]
[WhiteElo "2018"]
[BlackElo "2063"]
[PlyCount "156"]
[EventDate "2022.04.07"]
[EventType "tourn"]
[EventRounds "9"]
[EventCountry "ENG"]
[SourceTitle "The Week in Chess 1431"]
[Source "Mark Crowther"]
[SourceDate "2022.04.11"]
[SourceVersion "1"]
[SourceVersionDate "2022.04.11"]
[SourceQuality "2"]

1. e4 c5 2. c3 d5 3. exd5 Qxd5 4. d4 Nc6 5. Nf3 Bf5 6. Na3 cxd4 7. Bc4 Qe4+ 8.
Kf1 e6 9. cxd4 Bxa3 10. bxa3 Nf6 11. Be3 O-O 12. Rc1 Ng4 13. Qd2 Nxe3+ 14. fxe3
Rad8 15. Kf2 Bg6 16. Rhf1 Ne7 17. Bb3 Rc8 18. h3 Qd3 19. Rfd1 Qxd2+ 20. Nxd2
Rxc1 21. Rxc1 Rc8 22. Rxc8+ Nxc8 23. e4 Nd6 24. Ke3 Kf8 25. Bd1 Ke7 26. Bf3 Nb5
27. Nc4 b6 28. Kd3 f6 29. a4 Nc7 30. Kc3 Be8 31. Kb4 Na6+ 32. Kb3 Nc7 33. e5
Bd7 34. Bb7 Nd5 35. Nd6 Ne3 36. Kb4 Nf5 37. Nb5 a5+ 38. Kc4 Ne3+ 39. Kd3 Nd1
40. Kc2 Ne3+ 41. Kb3 Be8 42. Nd6 Bd7 43. Be4 h6 44. g3 Nf1 45. g4 Ne3 46. Bb7
Kd8 47. Ne4 Ke7 48. Nc3 Be8 49. Ne4 f5 50. Nf2 fxg4 51. hxg4 g6 52. Bf3 h5 53.
gxh5 gxh5 54. Kc3 h4 55. Ne4 Bxa4 56. Ng5 Nf5 57. Kd3 Bb5+ 58. Kc3 Bf1 59. Bg4
Ng7 60. Kd2 b5 61. Ke1 Bc4 62. a3 Bd5 63. Nh3 Nf5 64. Nf4 Nxd4 65. Kd2 Nc6 66.
Ng6+ Kf7 67. Nxh4 Nxe5 68. Bh3 Nc4+ 69. Kc3 Nxa3 70. Ng2 b4+ 71. Kb2 Nc4+ 72.
Kc1 a4 73. Nf4 b3 74. Nxd5 exd5 75. Bf5 Kf6 76. Bh7 Ke5 77. Kb1 Kd4 78. Bf5 Kc3
0-1

[Event "ECF Women's Norm Tournament"]
[Site "London"]
[Date "2022.04.07"]
[Round "1.4"]
[White "Jackson, Sheila"]
[Black "Vine, Elzbieta"]
[Result "1/2-1/2"]
[WhiteElo "2096"]
[BlackElo "2138"]
[PlyCount "76"]
[EventDate "2022.04.07"]
[EventType "tourn"]
[EventRounds "9"]
[EventCountry "ENG"]
[SourceTitle "The Week in Chess 1431"]
[Source "Mark Crowther"]
[SourceDate "2022.04.11"]
[SourceVersion "1"]
[SourceVersionDate "2022.04.11"]
[SourceQuality "2"]

1. e4 c5 2. Nf3 Nc6 3. d4 cxd4 4. Nxd4 Nf6 5. Nc3 h5 6. Be3 Ng4 7. Qd2 Nxe3 8.
Qxe3 e6 9. Nxc6 bxc6 10. Bc4 Bb4 11. O-O O-O 12. e5 d5 13. exd6 Qxd6 14. Rad1
Qc5 15. Qxc5 Bxc5 16. Be2 Rb8 17. Na4 Be7 18. Bxh5 e5 19. Be2 Bf5 20. b3 Rbd8
21. c4 Bc2 22. Rxd8 Rxd8 23. c5 Rd2 24. Bc4 e4 25. g3 Bd3 26. Re1 Bxc4 27. bxc4
Bf6 28. a3 Ra2 29. Re3 Bd4 30. Rxe4 Bxf2+ 31. Kf1 Rxa3 32. Kxf2 Rxa4 33. Re8+
Kh7 34. Rc8 Kg6 35. Ke3 Rxc4 36. Rxc6+ Kf5 37. Ra6 Rxc5 38. Rxa7 Ke6 1/2-1/2

[Event "ECF Women's Norm Tournament"]
[Site "London"]
[Date "2022.04.07"]
[Round "1.5"]
[White "Zaksaite, Salomeja"]
[Black "Longson, Sarah N"]
[Result "1-0"]
[WhiteElo "2246"]
[BlackElo "2019"]
[PlyCount "91"]
[EventDate "2022.04.07"]
[EventType "tourn"]
[EventRounds "9"]
[EventCountry "ENG"]
[SourceTitle "The Week in Chess 1431"]
[Source "Mark Crowther"]
[SourceDate "2022.04.11"]
[SourceVersion "1"]
[SourceVersionDate "2022.04.11"]
[SourceQuality "2"]

1. e4 e5 2. Nf3 Nc6 3. Bc4 Nf6 4. d3 Be7 5. O-O O-O 6. a4 d6 7. h3 h6 8. Nc3
Be6 9. Re1 Qd7 10. Nd5 Nd8 11. a5 c6 12. Nc3 Nh7 13. Qe2 Bxc4 14. dxc4 Ne6 15.
Rd1 Qe8 16. Be3 f5 17. exf5 Rxf5 18. Ne4 Rd8 19. Bxa7 Nf4 20. Qe3 Qf7 21. Ng3
Nxh3+ 22. Kh2 Nf4 23. Nxf5 Qxf5 24. Kg1 Qg4 25. Ne1 Rf8 26. Rd2 Bg5 27. Qg3 Qh5
28. Nf3 Nf6 29. Re1 Ne8 30. Nxg5 hxg5 31. c5 Rf6 32. cxd6 Rh6 33. f3 Nxd6 34.
Kf2 Nf5 35. Qg4 Qf7 36. Rxe5 Nd6 37. Be3 Ng6 38. Rxg5 Rh4 39. Rxd6 Rxg4 40.
Rd8+ Nf8 41. Rxg4 Qe7 42. Ra8 Kf7 43. Rf4+ Kg6 44. Raxf8 Qd6 45. Rg4+ Kh7 46.
Rf7 1-0

[Event "ECF Women's Norm Tournament"]
[Site "London"]
[Date "2022.04.07"]
[Round "2.1"]
[White "Yao, Lan"]
[Black "Longson, Sarah N"]
[Result "1-0"]
[WhiteElo "2260"]
[BlackElo "2019"]
[PlyCount "91"]
[EventDate "2022.04.07"]
[EventType "tourn"]
[EventRounds "9"]
[EventCountry "ENG"]
[SourceTitle "The Week in Chess 1431"]
[Source "Mark Crowther"]
[SourceDate "2022.04.11"]
[SourceVersion "1"]
[SourceVersionDate "2022.04.11"]
[SourceQuality "2"]

1. e4 e5 2. Nf3 Nc6 3. Bc4 Nf6 4. Ng5 d5 5. exd5 Na5 6. Bb5+ c6 7. dxc6 bxc6 8.
Qf3 Be7 9. Bd3 h6 10. Ne4 Nd5 11. Ng3 Nb4 12. O-O Nxd3 13. cxd3 O-O 14. Re1 Ba6
15. Nc3 Bxd3 16. Rxe5 Bg6 17. b3 Bf6 18. Re2 Re8 19. Ba3 Rc8 20. Rae1 Rxe2 21.
Qxe2 c5 22. Nce4 Bd4 23. Qg4 Rc6 24. d3 Nxb3 25. axb3 Qa5 26. Qe2 Qxa3 27. Ng5
hxg5 28. Qe8+ Kh7 29. Qxc6 Qxb3 30. Qd7 f5 31. Nxf5 Qxd3 32. Nxd4 cxd4 33. Qxa7
Qd2 34. Qa1 Qb4 35. Rd1 d3 36. Qc1 Qg4 37. h3 Qa4 38. Qd2 g4 39. hxg4 Qxg4 40.
Re1 Bf5 41. Re3 Qc4 42. Rg3 g6 43. Re3 Kg8 44. Re7 Qc5 45. Qa2+ Kh8 46. Qb2+
1-0

[Event "ECF Women's Norm Tournament"]
[Site "London"]
[Date "2022.04.07"]
[Round "2.2"]
[White "Vine, Elzbieta"]
[Black "Zaksaite, Salomeja"]
[Result "1/2-1/2"]
[WhiteElo "2138"]
[BlackElo "2246"]
[PlyCount "51"]
[EventDate "2022.04.07"]
[EventType "tourn"]
[EventRounds "9"]
[EventCountry "ENG"]
[SourceTitle "The Week in Chess 1431"]
[Source "Mark Crowther"]
[SourceDate "2022.04.11"]
[SourceVersion "1"]
[SourceVersionDate "2022.04.11"]
[SourceQuality "2"]

1. e4 c5 2. Nc3 e6 3. d4 cxd4 4. Qxd4 Nc6 5. Qe3 Nf6 6. Bd2 Qc7 7. Nb5 Qb8 8.
O-O-O b6 9. Bd3 Bc5 10. Qg5 O-O 11. f4 Bf2 12. f5 e5 13. Be1 Bxe1 14. Rxe1 d5
15. exd5 Nb4 16. Bc4 Nbxd5 17. Nf3 Re8 18. Bxd5 Nxd5 19. Rxe5 Bb7 20. Rxe8+
Qxe8 21. Nd6 Qd7 22. Nxb7 Qxb7 23. Rd1 h6 24. Qd2 Nf6 25. Ne5 Qe4 26. Nd7
1/2-1/2

[Event "ECF Women's Norm Tournament"]
[Site "London"]
[Date "2022.04.07"]
[Round "2.3"]
[White "Orlovska, Madara"]
[Black "Jackson, Sheila"]
[Result "1/2-1/2"]
[WhiteElo "2063"]
[BlackElo "2096"]
[PlyCount "64"]
[EventDate "2022.04.07"]
[EventType "tourn"]
[EventRounds "9"]
[EventCountry "ENG"]
[SourceTitle "The Week in Chess 1431"]
[Source "Mark Crowther"]
[SourceDate "2022.04.11"]
[SourceVersion "1"]
[SourceVersionDate "2022.04.11"]
[SourceQuality "2"]

1. d4 d5 2. Nc3 Nf6 3. Bf4 c5 4. e3 cxd4 5. exd4 a6 6. Nf3 Nc6 7. Be2 Bf5 8.
O-O e6 9. Ne5 Nxe5 10. Bxe5 Rc8 11. Bd3 Bxd3 12. Qxd3 Be7 13. f4 g6 14. g4 O-O
15. Bxf6 Bxf6 16. Ne2 Qb6 17. Rab1 Rc6 18. Kh1 Qc7 19. c3 b5 20. a3 Bg7 21. Rf3
f5 22. Rg1 Rb6 23. h4 Qd7 24. Rh3 fxg4 25. Rhg3 Rf5 26. Rxg4 Qf7 27. Qh3 Kh8
28. Rg5 Bh6 29. Rxf5 Qxf5 30. Qxf5 exf5 31. Kg2 Re6 32. Kf3 Re4 1/2-1/2

[Event "ECF Women's Norm Tournament"]
[Site "London"]
[Date "2022.04.07"]
[Round "2.4"]
[White "Kueh, Audrey"]
[Black "Bhatia, Kanwal K"]
[Result "1/2-1/2"]
[WhiteElo "2107"]
[BlackElo "2018"]
[PlyCount "108"]
[EventDate "2022.04.07"]
[EventType "tourn"]
[EventRounds "9"]
[EventCountry "ENG"]
[SourceTitle "The Week in Chess 1431"]
[Source "Mark Crowther"]
[SourceDate "2022.04.11"]
[SourceVersion "1"]
[SourceVersionDate "2022.04.11"]
[SourceQuality "2"]

1. e4 e5 2. Nf3 Nc6 3. d4 exd4 4. Bc4 Bc5 5. Ng5 Nh6 6. Nxf7 Nxf7 7. Bxf7+ Kxf7
8. Qh5+ Kg8 9. Qd5+ Kf8 10. Qxc5+ d6 11. Qh5 Qf6 12. Bg5 Qf7 13. Qd1 h6 14. Bc1
Kg8 15. c3 Qg6 16. O-O Bh3 17. Qf3 Be6 18. cxd4 Nxd4 19. Qd3 c5 20. Nc3 Re8 21.
Qg3 Qxg3 22. hxg3 Kh7 23. Be3 Nc2 24. Rad1 Nxe3 25. fxe3 Bc4 26. Rf2 Re6 27.
Rf7 b5 28. b3 b4 29. bxc4 bxc3 30. Rc1 Rxe4 31. Rxc3 Rhe8 32. Kf2 R8e7 33. Rxe7
Rxe7 34. Rd3 Re6 35. Ra3 Re7 36. Kf3 Kg6 37. Ra6 Rd7 38. Ke4 Re7+ 39. Kd5 Kf5
40. Rxd6 Re5+ 41. Kc6 Ke4 42. Rg6 Kxe3 43. Rxg7 Kd4 44. Rg4+ Kc3 45. Kb5 Re2
46. a4 Ra2 47. a5 a6+ 48. Kxa6 Kb4 49. Kb6 Rxa5 50. Rh4 Ra3 51. Rh5 Rxg3 52.
Rxc5 Rg6+ 53. Rc6 Rxc6+ 54. Kxc6 Kxc4 1/2-1/2

[Event "ECF Women's Norm Tournament"]
[Site "London"]
[Date "2022.04.07"]
[Round "2.5"]
[White "Smith, Olivia"]
[Black "Zhu, Yaoyao"]
[Result "1/2-1/2"]
[WhiteElo "1997"]
[BlackElo "1880"]
[PlyCount "118"]
[EventDate "2022.04.07"]
[EventType "tourn"]
[EventRounds "9"]
[EventCountry "ENG"]
[SourceTitle "The Week in Chess 1431"]
[Source "Mark Crowther"]
[SourceDate "2022.04.11"]
[SourceVersion "1"]
[SourceVersionDate "2022.04.11"]
[SourceQuality "2"]

1. e4 e5 2. Nf3 Nc6 3. Bb5 a6 4. Ba4 Nf6 5. O-O Nxe4 6. d4 b5 7. Bb3 d5 8. dxe5
Be6 9. Nbd2 Nc5 10. c3 Be7 11. Bc2 d4 12. Nb3 d3 13. Bb1 Nxb3 14. axb3 Bf5 15.
Be3 O-O 16. Bd4 Nxd4 17. cxd4 c5 18. Bxd3 Bxd3 19. Qxd3 cxd4 20. Qxd4 Qxd4 21.
Nxd4 Bc5 22. Nf3 Rfd8 23. Rfd1 Kf8 24. Kf1 Ke7 25. Rxd8 Kxd8 26. Ng5 Ke7 27.
Rc1 h6 28. Ne4 Bd4 29. f4 Bxb2 30. Rc7+ Ke6 31. Nc5+ Kd5 32. Nd3 Bd4 33. Rxf7
g5 34. g3 gxf4 35. gxf4 a5 36. Ke2 a4 37. Rd7+ Ke4 38. bxa4 bxa4 39. e6 a3 40.
Nb4 a2 41. Nc2 Bf6 42. e7 Re8 43. Ra7 Rxe7 44. Rxa2 Kxf4+ 45. Kf2 Bh4+ 46. Kg2
Bg5 47. Nd4 Rd7 48. Nf3 Kf5 49. Ra5+ Kf6 50. Kg3 Bc1 51. Ra6+ Kg7 52. Kg4 Bd2
53. Re6 Bc1 54. h4 Bd2 55. h5 Bg5 56. Rg6+ Kh7 57. Re6 Bc1 58. Rg6 Bg5 59.
Nxg5+ hxg5 1/2-1/2

[Event "ECF Women's Norm Tournament"]
[Site "London"]
[Date "2022.04.08"]
[Round "3.1"]
[White "Zhu, Yaoyao"]
[Black "Yao, Lan"]
[Result "0-1"]
[WhiteElo "1880"]
[BlackElo "2260"]
[PlyCount "70"]
[EventDate "2022.04.07"]
[EventType "tourn"]
[EventRounds "9"]
[EventCountry "ENG"]
[SourceTitle "The Week in Chess 1431"]
[Source "Mark Crowther"]
[SourceDate "2022.04.11"]
[SourceVersion "1"]
[SourceVersionDate "2022.04.11"]
[SourceQuality "2"]

1. e4 c5 2. Nf3 e6 3. g3 Nc6 4. Bg2 Nf6 5. Qe2 d6 6. O-O Be7 7. c3 O-O 8. d3
Bd7 9. Na3 Rc8 10. Nc2 Qc7 11. Bd2 b5 12. Rac1 Qb8 13. b3 a5 14. d4 cxd4 15.
Ncxd4 Nxd4 16. Nxd4 Rfe8 17. Rfd1 g6 18. Qd3 e5 19. Nc2 Bc6 20. Ne3 Qb7 21. Nd5
Bxd5 22. exd5 Nd7 23. Be3 f5 24. f4 Bf6 25. Qd2 exf4 26. Bxf4 Be5 27. Re1 Re7
28. h4 Rce8 29. Qf2 Nf6 30. Bxe5 Rxe5 31. Rxe5 Rxe5 32. c4 bxc4 33. bxc4 Ng4
34. Qd4 Qb4 35. Bf3 Re1+ 0-1

[Event "ECF Women's Norm Tournament"]
[Site "London"]
[Date "2022.04.08"]
[Round "3.2"]
[White "Bhatia, Kanwal K"]
[Black "Smith, Olivia"]
[Result "1/2-1/2"]
[WhiteElo "2018"]
[BlackElo "1997"]
[PlyCount "74"]
[EventDate "2022.04.07"]
[EventType "tourn"]
[EventRounds "9"]
[EventCountry "ENG"]
[SourceTitle "The Week in Chess 1431"]
[Source "Mark Crowther"]
[SourceDate "2022.04.11"]
[SourceVersion "1"]
[SourceVersionDate "2022.04.11"]
[SourceQuality "2"]

1. e4 e5 2. Nf3 Nf6 3. Nxe5 d6 4. Nf3 Nxe4 5. d4 d5 6. Bd3 Be7 7. O-O Nc6 8. c4
Nf6 9. cxd5 Nxd5 10. Nc3 O-O 11. h3 Bf6 12. Bb1 Nxc3 13. bxc3 Qd5 14. a4 Qh5
15. Bf4 Ne7 16. Ba2 Qa5 17. Rc1 b5 18. Bb3 bxa4 19. Bxa4 Bb7 20. Bc2 Ng6 21.
Bg3 Rfe8 22. Re1 Rxe1+ 23. Qxe1 c5 24. Ra1 Qd8 25. Be4 Bxe4 26. Qxe4 cxd4 27.
cxd4 a5 28. Ra2 a4 29. Qc6 Ne7 30. Qb7 Qd5 31. Qb2 Nc6 32. Be5 Bxe5 33. dxe5 h6
34. Ra3 Re8 35. Kh2 Qe4 36. Qa1 Nxe5 37. Nxe5 Qxe5+ 1/2-1/2

[Event "ECF Women's Norm Tournament"]
[Site "London"]
[Date "2022.04.08"]
[Round "3.4"]
[White "Zaksaite, Salomeja"]
[Black "Orlovska, Madara"]
[Result "1/2-1/2"]
[WhiteElo "2246"]
[BlackElo "2063"]
[PlyCount "89"]
[EventDate "2022.04.07"]
[EventType "tourn"]
[EventRounds "9"]
[EventCountry "ENG"]
[SourceTitle "The Week in Chess 1431"]
[Source "Mark Crowther"]
[SourceDate "2022.04.11"]
[SourceVersion "1"]
[SourceVersionDate "2022.04.11"]
[SourceQuality "2"]

1. e4 c5 2. Nf3 Nc6 3. Bb5 g6 4. O-O Bg7 5. c3 Nf6 6. Re1 O-O 7. d4 cxd4 8.
cxd4 d5 9. e5 Ne4 10. Bxc6 bxc6 11. Nfd2 Nxd2 12. Nxd2 c5 13. dxc5 Qc7 14. Nf3
Qxc5 15. Be3 Qa5 16. Nd4 Bd7 17. Nb3 Qb5 18. Qd2 Rfc8 19. Bg5 Bf8 20. Nd4 Qa6
21. b4 Rc4 22. Nb3 Be6 23. a3 Qb5 24. Nd4 Qd7 25. f4 Rac8 26. Bh4 Bh6 27. Bf2
Bf5 28. Rec1 Be4 29. h3 a6 30. Nb3 Rc2 31. Rxc2 Rxc2 32. Qe3 Qc8 33. Rc1 Rxc1+
34. Nxc1 Qc2 35. Nb3 Bxf4 36. Qxf4 Qxb3 37. Qe3 Qd1+ 38. Qe1 Qd3 39. Qa1 Qd2
40. Qe1 Qb2 41. a4 Qb3 42. a5 Qb2 43. Qf1 Qxb4 44. Qxa6 Qb1+ 45. Qf1 1/2-1/2

[Event "ECF Women's Norm Tournament"]
[Site "London"]
[Date "2022.04.08"]
[Round "3.5"]
[White "Longson, Sarah N"]
[Black "Vine, Elzbieta"]
[Result "1-0"]
[WhiteElo "2019"]
[BlackElo "2138"]
[PlyCount "63"]
[EventDate "2022.04.07"]
[EventType "tourn"]
[EventRounds "9"]
[EventCountry "ENG"]
[SourceTitle "The Week in Chess 1431"]
[Source "Mark Crowther"]
[SourceDate "2022.04.11"]
[SourceVersion "1"]
[SourceVersionDate "2022.04.11"]
[SourceQuality "2"]

1. e4 c5 2. Nc3 Nc6 3. g3 g6 4. Bg2 Bg7 5. d3 e6 6. Be3 Nge7 7. Qd2 O-O 8. Bxc5
d5 9. exd5 exd5 10. Nge2 d4 11. Ne4 b6 12. Ba3 Bg4 13. h3 Bd7 14. O-O f5 15.
Nd6 Qc7 16. Rfe1 a6 17. Nf4 Bh6 18. Re2 Rf6 19. Rxe7 Nxe7 20. Bxa8 Rxd6 21. Nd5
Rxd5 22. Bxd5+ Kg7 23. Qb4 Bg5 24. Re1 Qd8 25. Qxd4+ Kh6 26. h4 Nxd5 27. hxg5+
Qxg5 28. Bf8+ Kh5 29. Qxd5 Kg4 30. Kg2 Bc6 31. f3+ Kh5 32. Rh1+ 1-0

[Event "ECF Women's Norm Tournament"]
[Site "London"]
[Date "2022.04.08"]
[Round "4.1"]
[White "Yao, Lan"]
[Black "Vine, Elzbieta"]
[Result "1-0"]
[WhiteElo "2260"]
[BlackElo "2138"]
[PlyCount "91"]
[EventDate "2022.04.07"]
[EventType "tourn"]
[EventRounds "9"]
[EventCountry "ENG"]
[SourceTitle "The Week in Chess 1431"]
[Source "Mark Crowther"]
[SourceDate "2022.04.11"]
[SourceVersion "1"]
[SourceVersionDate "2022.04.11"]
[SourceQuality "2"]

1. e4 c5 2. Nf3 Nc6 3. Bb5 a6 4. Bxc6 dxc6 5. O-O Qc7 6. d3 e5 7. Be3 Bg4 8.
Nbd2 Nf6 9. Qe2 Be7 10. Rfe1 h5 11. h3 Bxf3 12. Qxf3 O-O-O 13. Qf5+ Nd7 14.
Qxf7 Bf6 15. Nb3 b6 16. a4 g5 17. a5 b5 18. Nxc5 Rhf8 19. Qxh5 Nxc5 20. Bxc5
Rh8 21. Qg4+ Rd7 22. Qe6 Bg7 23. Bb6 Qb7 24. Re3 Kb8 25. Rg3 Re7 26. Qd6+ Ka8
27. Rxg5 Rd7 28. Qc5 Bf6 29. Rg6 Rf7 30. c4 Qd7 31. cxb5 axb5 32. Rc1 Rc8 33.
Qe3 Bh4 34. Qe2 c5 35. g3 Qxh3 36. Qg4 Qxg4 37. Rxg4 Be7 38. Rg6 c4 39. dxc4
bxc4 40. Re6 Bf6 41. Rd1 Kb7 42. a6+ Kb8 43. Rdd6 Rcf8 44. Rc6 Bd8 45. a7+ Kb7
46. Rc8 1-0

[Event "ECF Women's Norm Tournament"]
[Site "London"]
[Date "2022.04.08"]
[Round "4.2"]
[White "Orlovska, Madara"]
[Black "Longson, Sarah N"]
[Result "0-1"]
[WhiteElo "2063"]
[BlackElo "2019"]
[PlyCount "86"]
[EventDate "2022.04.07"]
[EventType "tourn"]
[EventRounds "9"]
[EventCountry "ENG"]
[SourceTitle "The Week in Chess 1431"]
[Source "Mark Crowther"]
[SourceDate "2022.04.11"]
[SourceVersion "1"]
[SourceVersionDate "2022.04.11"]
[SourceQuality "2"]

1. d4 d5 2. Bf4 c5 3. c3 Nc6 4. e3 Nf6 5. Nd2 Bf5 6. Ngf3 e6 7. Ne5 Nxe5 8.
dxe5 Nd7 9. Be2 Be7 10. g4 Bg6 11. Bg3 Qb6 12. Qb3 h5 13. Qxb6 axb6 14. gxh5
Bxh5 15. e4 c4 16. exd5 exd5 17. Bf3 Bxf3 18. Nxf3 Nc5 19. O-O Na4 20. Rab1 Nc5
21. b3 Rxa2 22. bxc4 dxc4 23. Rxb6 Rc2 24. Nd4 Rxc3 25. Nf5 Rb3 26. Rxb3 Nxb3
27. Nxg7+ Kd7 28. Nf5 Bc5 29. Rd1+ Kc6 30. Rb1 Nd2 31. Rc1 b5 32. Bf4 Rg8+ 33.
Ng3 Ne4 34. Rc2 c3 35. Kf1 Nxg3+ 36. fxg3 b4 37. Ke2 Kb5 38. Kd3 Rd8+ 39. Ke4
Kc4 40. Bc1 b3 41. Re2 Rd1 42. h4 Rxc1 43. Rh2 b2 0-1

[Event "ECF Women's Norm Tournament"]
[Site "London"]
[Date "2022.04.08"]
[Round "4.3"]
[White "Kueh, Audrey"]
[Black "Zaksaite, Salomeja"]
[Result "1-0"]
[WhiteElo "2107"]
[BlackElo "2246"]
[PlyCount "99"]
[EventDate "2022.04.07"]
[EventType "tourn"]
[EventRounds "9"]
[EventCountry "ENG"]
[SourceTitle "The Week in Chess 1431"]
[Source "Mark Crowther"]
[SourceDate "2022.04.11"]
[SourceVersion "1"]
[SourceVersionDate "2022.04.11"]
[SourceQuality "2"]

1. e4 c5 2. Nf3 e6 3. c3 Nf6 4. e5 Nd5 5. d4 cxd4 6. cxd4 d6 7. Bd3 Nc6 8. O-O
Ndb4 9. Bg5 Qb6 10. Bc4 h6 11. Bc1 a5 12. Nc3 d5 13. Bb3 Bd7 14. Be3 Be7 15.
Rc1 O-O 16. a3 Na6 17. Bc2 Rfc8 18. Qd3 g6 19. Na4 Qd8 20. Bxh6 b5 21. Nc3 b4
22. Ne2 bxa3 23. bxa3 Na7 24. Nd2 Bb5 25. Qe3 Bxa3 26. Qxa3 Bxe2 27. Qg3 Rxc2
28. Rxc2 Bxf1 29. Nxf1 Nb4 30. Rb2 Qe8 31. Qh4 f5 32. exf6 Nac6 33. Rb3 Ra7 34.
Bg7 Kf7 35. Rg3 e5 36. Qh7 Ke6 37. Rxg6 Qf7 38. dxe5 Nxe5 39. Rg5 Nbc6 40. Qf5+
Kd6 41. Bh6 a4 42. Rg7 Qe6 43. Qh7 Qxf6 44. Rxa7 Nxa7 45. Bg7 Nf3+ 46. gxf3
Qg5+ 47. Ng3 Nb5 48. Bf8+ Ke6 49. f4 Qf6 50. f5+ 1-0

[Event "ECF Women's Norm Tournament"]
[Site "London"]
[Date "2022.04.08"]
[Round "4.4"]
[White "Smith, Olivia"]
[Black "Jackson, Sheila"]
[Result "1-0"]
[WhiteElo "1997"]
[BlackElo "2096"]
[PlyCount "87"]
[EventDate "2022.04.07"]
[EventType "tourn"]
[EventRounds "9"]
[EventCountry "ENG"]
[SourceTitle "The Week in Chess 1431"]
[Source "Mark Crowther"]
[SourceDate "2022.04.11"]
[SourceVersion "1"]
[SourceVersionDate "2022.04.11"]
[SourceQuality "2"]

1. e4 c5 2. Nf3 Nc6 3. Bb5 e6 4. O-O Nge7 5. d4 cxd4 6. Nxd4 Qb6 7. Nxc6 dxc6
8. Bc4 Ng6 9. Nc3 Be7 10. Be3 Qc7 11. f4 O-O 12. a4 Qa5 13. Kh1 Qb4 14. Bb3 Bf6
15. Qf3 Rd8 16. Rad1 Bd7 17. Bd2 Qf8 18. Qh5 Be8 19. e5 Be7 20. f5 exf5 21.
Qxf5 Nh8 22. Ne4 Bd7 23. e6 Bxe6 24. Bxe6 fxe6 25. Qxe6+ Nf7 26. Rf3 Rd5 27.
Rdf1 Re5 28. Qb3 Rd5 29. Rxf7 Qxf7 30. Rxf7 Kxf7 31. Nc3 Rad8 32. Nxd5 Rxd5 33.
Qf3+ Kg8 34. Bc3 Bf6 35. Bxf6 gxf6 36. h3 Kf7 37. Qb3 b6 38. c4 Rc5 39. Qd3 h5
40. b4 Re5 41. Qd7+ Re7 42. Qxc6 Kg6 43. c5 bxc5 44. Qxc5 1-0